000 00340 a2200157 4500
001 189265
020 _a978-85-86218-69-9
040 _cMagnum
100 _aSilva, Flávia Lins e
240 1 0 _aMururu no amazonas
_lpor
245 1 0 _aMururu no amazonas
300 _a83
362 0 _a2010
697 _aLITERATURA JUVENIL
942 _cBK
999 _c189265
_d189265